Phong thủy hiện đại xem bằng hình

Cuốn sách trình bày những việc không nên làm trong xây dựng, trang trí nhà cửa theo thuật phong thủy, sử dụng thuật phong thủy bằng các hình ảnh minh họa.

Đã lưu trong:
书目详细资料
主要作者: Trần, Di Khôi
格式: 图书
语言:Undetermined
出版: Đà Nẵng Nhà xuất bản Đà Nẵng 2006
主题:
标签: 添加标签
没有标签, 成为第一个标记此记录!
Thư viện lưu trữ: Trung tâm Học liệu Trường Đại học Cần Thơ
LEADER 00836nam a2200205Ia 4500
001 CTU_124187
008 210402s9999 xx 000 0 und d
020 |c 40000 
082 |a 133.333 
082 |b Kh452 
100 |a Trần, Di Khôi 
245 0 |a Phong thủy hiện đại xem bằng hình 
245 0 |c Trần Di Khôi ; Saigonbook biên dịch 
260 |a Đà Nẵng 
260 |b Nhà xuất bản Đà Nẵng 
260 |c 2006 
520 |a Cuốn sách trình bày những việc không nên làm trong xây dựng, trang trí nhà cửa theo thuật phong thủy, sử dụng thuật phong thủy bằng các hình ảnh minh họa. 
650 |a Feng-shui,Geomancy,Philosophy, chinese 
904 |i Năm 
980 |a Trung tâm Học liệu Trường Đại học Cần Thơ